<Die> wirtschaftliche Lage Russlands Investitionsschwäche verhindert Wachstum. Achter Bericht
Guardado en:
| Formato: | Libro |
|---|---|
| Lenguaje: | alemán |
| Publicado: |
Kiel
Institut für Weltwirtschaft
1996
|
| Edición: | 1. Aufl. |
| Colección: | Kieler Diskussionsbeiträge
273 |
| Materias: | |
| Etiquetas: |
Sin Etiquetas, Sea el primero en etiquetar este registro!
|
MARC
| LEADER | 00000nam a2200000 4500 | ||
|---|---|---|---|
| 001 | c014216 | ||
| 005 | 20250509101322.1 | ||
| 020 | |a 3-89456-119-X | ||
| 041 | 0 | |a ger | |
| 044 | |a DE | ||
| 245 | 1 | 0 | |a <Die> wirtschaftliche Lage Russlands |b Investitionsschwäche verhindert Wachstum. Achter Bericht |
| 250 | |a 1. Aufl. | ||
| 264 | 1 | |a Kiel |b Institut für Weltwirtschaft |c 1996 | |
| 300 | |a 21 s. | ||
| 490 | 1 | |a Kieler Diskussionsbeiträge |v 273 | |
| 830 | 0 | |a Kieler Diskussionsbeiträge |v 273 | |
| 610 | 2 | 0 | |a produkcia |
| 610 | 2 | 0 | |a ceny |
| 610 | 2 | 0 | |a investície |
| 610 | 2 | 0 | |a trh práce |
| 610 | 2 | 0 | |a rozpočet štátny |
| 610 | 2 | 0 | |a peniaze |
| 610 | 2 | 0 | |a úver |
| 610 | 2 | 0 | |a kurz výmenný |
| 610 | 2 | 0 | |a príjmy |
| 610 | 2 | 0 | |a Rusko |